000 00527nam a2200205Ia 4500
005 20240823031347.0
008 240823s9999||||xx |||||||||||||| ||und||
020 _a81-422-0-31796-4
041 _aENGLISH
082 _A664.752 N7
100 _aHamed Faridi
245 0 _aDough Rheology and Baked Product Texture
250 _a1st
260 _c1997
_b"CBS Publishers & Distributors,New "
500 _aYES
650 _aDough Rheology
_bMathematics
700 _a Jon M Faubion Eds.
942 _cBK
999 _c190879
_d190879